Recursos e industrias del mundo / (Record no. 128193)

MARC details
000 -LEADER
campo de control de longitud fija 00630nam a2200181 i 4500
001 - NÚMERO DE CONTROL
campo de control 128193
003 - IDENTIFICADOR DE NÚMERO DE CONTROL
campo de control ES-MaACL
007 - CAMPO FIJO DE DESCRIPCIÓN FÍSICA--INFORMACIÓN GENERAL
campo de control de longitud fija t|
008 - DATOS DE LONGITUD FIJA--INFORMACIÓN GENERAL
campo de control de longitud fija 070625s1957 mx ||||1| spa d
100 1# - ENTRADA PRINCIPAL--NOMBRE DE PERSONA
Nombre de persona Zimmermann, Erich W.
9 (RLIN) 118272
245 10 - MENCIÓN DEL TÍTULO
Título Recursos e industrias del mundo /
Mención de responsabilidad, etc. Erich W. Zimmermann ; [en la traducción de esta obra han colaborado... Gonzalo Robles, José Bullejos].
250 ## - MENCION DE EDICION
Mención de edición 1ª ed.
260 ## - PUBLICACIÓN, DISTRIBUCIÓN, ETC.
Lugar de publicación, distribución, etc. México :
Nombre del editor, distribuidor, etc. Fondo de Cultura Económica,
Fecha de publicación, distribución, etc. [1957] (
Fabricante Nuevo Mundo)
300 ## - DESCRIPCIÓN FÍSICA
Extensión 771 p. ;
Dimensiones 28 cm.
700 1# - ENTRADA AGREGADA--NOMBRE PERSONAL
Nombre de persona Robles, Gonzalo.
9 (RLIN) 97931
700 1# - ENTRADA AGREGADA--NOMBRE PERSONAL
Nombre de persona Bullejos, José.
9 (RLIN) 32509
852 ## - LOCALIZACIÓN
Ubicación ES-MaACL
Número de control de estantería C-5957
Sublocalización o colección R.44696
Holdings
Estatus retirado Estado de pérdida Estado de daño No para préstamo Biblioteca de origen Biblioteca actual Ubicación en estantería Fecha de adquisición Fuente de adquisición Total de préstamos Signatura topográfica completa Código de barras Visto por última vez Precio de reemplazo Tipo de ítem Koha
        Biblioteca del Ateneo de Madrid Biblioteca del Ateneo de Madrid Sala Palomar 17/01/2008     C-5957 1133519 23/02/2023 23/02/2023 Libro impreso